=LDR 00000nam 2200000 4500 =001 INLIS000000000054236 =005 20200108094840 =035 ##$$a 0010-0120000014 =007 ta =008 200108###########################0#ind## =020 ##$$a 978-602-262-853-8 =082 ##$$a 616.462 =084 ##$$a 616.462 EVI d =100 #$$a Evi Kurniawaty =245 1#$$a Diabetes Mellitus Tipe 1 Pada Remaja /$c Evi Kurniawaty =260 ##$$a Yogyakarta :$b Graha Ilmu,$c 2018 =300 ##$$a xii, 54 hlm. : $b ilus. ; $c 24 Cm. =650 ##$$a Diabetes =504 ##$$a Bibliografi: hlm. 49-52 =990 ##$$a 00530053 =990 ##$$a 21900605 =990 ##$$a 00540054 =990 ##$$a 00540054 =990 ##$$a 00540054 =990 ##$$a 21900606 =990 ##$$a 21900605 =990 ##$$a 1202000055 =990 ##$$a 1202000056 =990 ##$$a 21900607 =990 ##$$a 21900605 =990 ##$$a 21900606 =990 ##$$a 1202000056 =990 ##$$a 21900608 =990 ##$$a 21900605 =990 ##$$a 21900606 =990 ##$$a 21900607